书目信息 |
| 题名: |
遥感概论
|
|
| 作者: | 遥感概论编写组编 | |
| 分册: | ||
| 出版信息: | 北京 高等教育出版社 1986 |
|
| 页数: | 176页 | |
| 开本: | 26cm | |
| 丛书名: | ||
| 单 册: | ||
| 中图分类: | TP701 | |
| 科图分类: | ||
| 主题词: | 遥感技术--高等学校--教材 | |
| 电子资源: | ||
| ISBN: | 7-04-001447-5 | |
| 000 | 00629nam0 2200241 45 | |
| 001 | 0186002634 | |
| 005 | 20070620111441.01 | |
| 010 | @a7-04-001447-5@dCNY2.95 | |
| 091 | @aCN@b12010.064 | |
| 100 | @a19901014d1986 em y0chiy0121 ea | |
| 101 | 0 | @achi |
| 102 | @aCN@b110000 | |
| 102 | @aCN@b110000 | |
| 105 | @ay z 000yy | |
| 200 | 10 | @a遥感概论@Ayao gan gai lun@f遥感概论编写组编 |
| 210 | @a北京@c高等教育出版社@d1986@h1989 | |
| 215 | @a176页@d26cm | |
| 300 | @a高等学校教材 | |
| 606 | @a遥感技术@x高等学校@x教材 | |
| 690 | @aTP701@v3 | |
| 801 | 2 | @aCN@bNLC@c20070620 |
| 801 | 0 | @aCN@bTSSF |
| 905 | @a10447@dTP701@e27 | |
| 遥感概论/遥感概论编写组编.-北京:高等教育出版社,1986(1989) |
| 176页;26cm |
| 高等学校教材 |
| ISBN 7-04-001447-5:CNY2.95 |
| ● |
| 相关链接 |
|
|
|
|
正题名:遥感概论
索取号:TP701/27
 
预约/预借
| 序号 | 登录号 | 条形码 | 馆藏地/架位号 | 状态 | 备注 |
| 1 | 0655009 | 206550098 | 第二样本阅览室/ [索取号:TP701/27] | 在馆 |